000 00285nam a22001337a 4500
008 170717b xxu||||| |||| 00| 0 eng d
020 _a9780195126525
041 _aeng
080 _a16
100 _a24
101 _aFIL
245 _aSELF EXPRESSIONS
_cFLANAGAN,O
942 _2udc
_cBK
999 _c21248
_d21248